01005nam a2200277 i 4500001001000000003000900010005001700019007000300036008004100039040003000080041000800110082002400118100003500142245005000177264006500227300004000292336002700332337003300359338002800392500006300420504003900483650003700522650004700559651005600606651006500662000021605DO-SdBNP20260520085223.0ta100909s2003 xxuc 000 0 spa d aDO-SdBNPbspacBNPHUerda aspa 4a972.9362bM623p2221 aMichel, Pablo V.,eautor4aut.10aPerfiles mocanos del ayer /cPablo V. Michel. 4aMiami, Florida :bEditora Talleres de Ahora Printing,c2003. a215 páginas :bretratos ;c22 cm. atextobtxt2rdacontent asin mediaciónbn2rdamedia avolumenbnc2rdacarrier aIncluye datos biográficos del autor en la contracubierta abibliografía : páginas 208-215 4aPersonajes famososxBiografías 4aCiudades y puebloszRepública Dominicana 4aMoca (República Dominicana{Rpara}xHistoria Local 4aMoca (República Dominicana{Rpara}xVida social y costumbre